| 000 | 02775nam0a2200397 4500 | ||
|---|---|---|---|
| 001 | RU\NLR\bibl\1665794 | ||
| 005 | 20250616042715.0 | ||
| 010 |
_a978-5-86775-571-3 _910000 |
||
| 021 |
_aRU _b2010-54552 _93585 |
||
| 035 | _a(nilc)RU\NLR\bibl\1354751 | ||
| 035 | _aKML\BIBL\0000017697 | ||
| 035 | _a(NLR Aleph) 001657069 | ||
| 090 |
_a957975 _c957975 |
||
| 100 | _a20090409d2008 |||y0rusy50 ca | ||
| 101 | 0 | _arus | |
| 102 | _aRU | ||
| 105 | _aa ||||||||| | ||
| 200 | 1 |
_aКартинки играют в прятки _e[художественный альбом для занятий с детьми 3-5 лет _eдля чтения взрослыми детям _fавт. методики: Е. А. Янушко] |
|
| 210 |
_aМосква _cМозаика-Синтез _d2008 |
||
| 215 |
_a16, [1] с. _cцв. ил. _d22х29 |
||
| 225 | 1 |
_aМаленький художник _eзанятия с детьми от 3 до 5 лет |
|
| 330 | _aСерия альбомов "Маленький художник" предназначена для занятий с детьми 3-5 лет. Занятия по этим альбомам приобщают малышей к миру прекрасного, развивают творческие способности, формируют эстетический вкус, позволяют ощутить гармонию окружающего мира. Каждый выпуск - это красочный альбом, представляющий собой цикл занятий по определенной теме с игровыми, подробно иллюстрированными заданиями для детей и методическими рекомендациями для педагогов и родителей. Издание поможет родителям, воспитателям, гувернерам организовать интересные развивающие занятия с маленькими детьми с учетом их возрастных и индивидуальных возможностей. | ||
| 606 | 1 |
_aДошкольники _xОбучение аппликации _92344382 _3RU\NLR\AUTH\661401072 |
|
| 686 |
_aЧ411.355.82 _2rubbk |
||
| 686 |
_a0413 _aОбучение в дошкольном возрасте _2TCC-BG |
||
| 686 |
_a0781 _aДетское изобразительное искусство _2TCC-BG |
||
| 686 | 1 | _aЧ411.355.82 | |
| 702 | 1 |
_aЯнушко _bЕ. А. _gЕлена Альбиновна _4570 |
|
| 801 | 0 |
_aRU _bNLR _c20090409 _gRCR |
|
| 801 | 1 |
_aRU _bNLR _c20090409 |
|
| 801 | 2 |
_aRU _bНБР Коми _c20100825 |
|
| 801 | 2 |
_aRU _bNLR _c20100820 _grcr |
|
| 942 | _cBOOK | ||
| 980 | _aNB | ||